000 005230000a22001930004500
003 LK-CoMWRAF
005 20230924072904.0
008 230817t ||||| |||| 00| 0 eng d
040 _aLK-CoMWRAF
_dLK-CoMWRAF
_eLK-CoMWRAF
041 _aeng
082 _a297.54
_bNOF
100 _aNofal, Abd El-Razzak
245 _aAl Zakat :
_b"The Poor Due"
260 _aCairo :
_bSupreme council for Islamic affairs,
_c1984
300 _a31p
490 _aEssentials of Islam series ; no. 1
650 _aIslam-Zakat
942 _cBK
999 _c1859
_d1859